00759nam a2200169Ia 4500008004100000020001800041050002200059100003000081245007600111260001600187300001000203650005700213952009900270952010400369952009900473999001700572120626s9999 xx 000 0 und d a968-740-459-0 aKGF4440 A311 2006 aLeyes y codigos de Mexico aLey de profesiones. Legislacion en materia de educacion y profesiones/ aMexico: PAC a93 p. a1. Profesiones - Leyes y legislacion - MexicoÌÌ 00104070a11b11d2007-01-08l0oKGF4440 A311 2006p11 006021r2012-06-26t1w2012-06-26yLB 00102lcc4070a22b22d2007-01-08l0oKGF4440 A311 2006p11 006022r2023-07-20t2w2012-06-26yLB 00104070a11b22d2007-01-08l0oKGF4440 A311 2006p11 006023r2023-07-20t3w2012-06-26yLB c71384d71384